15. 25/8 - Bad Bunny (Version Extendida) - Estadísticas

Estadísticas generales
  • Esta prueba ha sido intentada 33 veces
  • La puntuación promedio es 520 de 707
Estadísticas de respuestas
% Correcto
A
100%
a
100%
con
100%
de
100%
De
100%
e'
100%
e
100%
la
100%
La'
100%
La
100%
la'
100%
100%
mi
100%
Mi
100%
no
100%
No
100%
pa'
100%
te
100%
y
100%
Y
100%
25/8
95%
ando
95%
calle
95%
el
95%
El
95%
es
95%
he
95%
lo
95%
lo'
95%
Lo
95%
Mis
95%
mismo
95%
mismo'
95%
o
95%
Si
95%
si
95%
Siempre
95%
siempre
95%
Tengo
95%
tengo
95%
Yo
95%
yo
95%
aparentar
90%
gusta
90%
me
90%
Me
90%
mío
90%
nunca
90%
Nunca
90%
pero
90%
Pero
90%
que
90%
siendo
90%
sigo
90%
sin
90%
Sin
90%
vo'
90%
voy
90%
cambia'o
85%
Está
85%
está
85%
ey
85%
Ey
85%
Hoy
85%
Humilde
85%
Louis
85%
ready
85%
salimo'
85%
85%
se
85%
Se
85%
tener
85%
Ahora
80%
ahora
80%
arrebatao'
80%
cambiar
80%
en
80%
En
80%
guaye'
80%
hay
80%
las
80%
los
80%
lu'
80%
to
80%
to'
80%
caliente
75%
dejar
75%
do'
75%
falle
75%
75%
toda
75%
un
75%
va'
75%
vo'a
75%
Vuitton
75%
ya
75%
bajar
70%
bellaqueo'
70%
bo
70%
cambió
70%
coronar
70%
da
70%
dejo
70%
Eh
70%
eh
70%
eso
70%
estamo'
70%
le
70%
Le
70%
Luka
70%
malianteo'
70%
Nuevo
70%
nuevo
70%
pendejo
70%
PR
70%
reflejo
70%
segui
70%
siento
70%
soy
70%
Soy
70%
uno
70%
ustede'
70%
Ustede'
70%
viejo'
70%
Yeh
70%
yeh
70%
baby
65%
como
65%
Como
65%
contra
65%
Dončić
65%
esto
65%
Leal
65%
manera
65%
noche
65%
por
65%
quite
65%
Seguimo'
65%
tiene
65%
65%
65%
vamo'
65%
ver
65%
apueste'
60%
blanca
60%
Carolina
60%
Compré
60%
Cotiza'o
60%
dosciento'
60%
doy
60%
follar
60%
mala
60%
pide
60%
quitarme
60%
royal
60%
teni'
60%
antisocial
55%
Benny
55%
bien
55%
bolas
55%
cabrón
55%
Cabrón
55%
colore'
55%
corto'
55%
dan
55%
del
55%
desafinar
55%
desequilibra
55%
ere'
55%
final
55%
fluorescente'
55%
gano
55%
guitarra
55%
hagan
55%
ir
55%
jodienda
55%
libra
55%
loco
55%
mejor
55%
Miami
55%
Moña'
55%
normal
55%
pantalone'
55%
parecen
55%
playoff
55%
ronque'
55%
sea
55%
sido
55%
Tokyo
55%
verde'
55%
verme
55%
verso'
55%
verso
55%
vibra
55%
11
50%
7.25
50%
Aquí
50%
aquí
50%
blanquito
50%
bobo
50%
Boca
50%
calentón
50%
chavo'
50%
Chilindrina
50%
ciego'
50%
clásico'
50%
collar
50%
cualquier
50%
dicen
50%
Dicen
50%
discuta'
50%
ejecuta
50%
embrollar
50%
estudiaba
50%
facturando
50%
hijo
50%
John
50%
líder
50%
mansión
50%
marquesina
50%
meto
50%
montón
50%
muy
50%
pasto
50%
pista
50%
prr
50%
puso
50%
puta
50%
RD
50%
ritmo
50%
River
50%
sacamo'
50%
salgo
50%
seguidor
50%
sendo
50%
ser
50%
son
50%
sordo'
50%
también
50%
the
50%
tienen
50%
toca'
50%
una
50%
Urus
50%
usarla'
50%
vestir
50%
vive
50%
vuelve'
50%
welcome
50%
adrenalina
45%
azul
45%
cabina
45%
casa'
45%
Cena
45%
chingando
45%
encanta
45%
este
45%
frontear
45%
gobierno
45%
Lambo
45%
Lowkey
45%
mina
45%
Natti
45%
Pina
45%
siga
45%
ticket
45%
toa'
45%
twenty
45%
alejar
40%
bichote'
40%
break
40%
compraron
40%
cualquiera
40%
cuando
40%
CUTA
40%
dame
40%
Dame
40%
esquina
40%
Guiando
40%
hice
40%
hostia
40%
más
40%
mente
40%
mucho'
40%
neblina
40%
otra
40%
paran
40%
portón
40%
Raphy
40%
Real
40%
Recuerda
40%
refinar
40%
soporto
40%
tirar
40%
todavía
40%
toldo
40%
Traje
40%
vueltón
40%
calla'o
35%
cosa
35%
entero
35%
estrella
35%
mundo
35%
quieres
35%
receiver
35%
termina
35%
toy
35%
trapero
35%
Wide
35%
Boogeyman
30%
donde
30%
Grammy
30%
grande
30%
hasta
30%
llorando
30%
mamabicho
30%
nomina
30%
pa'l
30%
paro
30%
pasan
30%
preguntan
30%
Puerto
30%
puesto
30%
reggeatonero
30%
revolú
30%
Rico
30%
Caribe
25%
cima
25%
digo
25%
entrevista'
25%
muerte
25%
Ninguna
25%
piquetú
25%
primero
25%
reportero'
25%
dando
20%
domi
20%
encima
20%
ojo'
20%
soñé
20%
Wuh
20%
fama
15%
machina
15%
Maldita
15%
okay
15%
Personal
15%
No se encontraron pruebas coincidentes
Distribución de puntuación
Porcentaje de gente con cada puntuación
Porcentaje por número respondido
Historial de tus puntuaciones
No has intentado esta prueba.